Представление документа в формате RUSMARC

ПолеНазваниеЗначение
  Тип записи a
  Библиографический уровень c
001 Контрольный номер RU/IS/BASE/355398662
005 Дата корректировки 20240722120644.4
010 Индекс ISBN __
a ISBN 978-5-699-34141-2
d Цена 120-00
b Уточнения в пер.
9 Тираж 4000 экз.
100 Данные общей обработки __
a Данные общей обработки 20110406b2009 d y0rusy028902 ca
101 Язык документа 0_
a Язык текста rus
102 Страна публикации __
a Страна публикации RU
105 Кодированные данные (монография) __
a Кодированные данные (монография) y z 000ay
181 Поле кодированных данных: вид содержания _0
a Код вида содержания (ISBD) i
182 Поле кодированных данных: тип средства _0
a Код типа средства (ISBD) n
200 Заглавие и сведения об ответственности 1_
a Заглавие Секрет мрачного подземелья ; Секрет похищенной дискеты
e Сведения, относящиеся к заглавию повести : для среднего школьного возраста
f Первые сведения об ответственности Екатерина Вильмонт
203 Вид содержания и тип средства __
a Вид содержания Текст
c Тип средства непосредственный
210 Выходные данные 1_
a Место издания Москва
c Издательство Эксмо
d Дата издания 2009
215 Физическое описание __
a Объем 345, [3] с.
d Формат 21 см
225 Серия 2_
a Серия Большая книга детективов Е. Вильмонт
225 Серия 2_
a Серия Раз улика, два улика!
327 Примечание о содержании 0_
a Примечание о содержании Секрет похищенной дискеты
333 Примечание о целевом назначении __
a Примечание о целевом назначении 12+. Для детей старше 12 лет
517 Другие варианты заглавия 1_
a Другие варианты заглавия Секрет похищенной дискеты
606 Тематические рубрики __
a Основная рубрика Художественная литература
2 Код системы nlr_sh
606 Тематические рубрики __
a Основная рубрика Современная русская литература (произведения)
2 Код системы nlr_sh
610 Ключевые слова 0_
a Ключевые слова детская литература; детективы; повести; детективные повести; детские детективы; тема расследований
686 Индексы других классификаций __
a Классификационный индекс ст84(2=411.2)6-4
2 Код системы rubbks
700 Автор _1
a Фамилия Вильмонт
b Имя Е. Н.
g Полное личное имя Екатерина Николаевна
4 Код отношения 070
f Даты 1946-
801 Источник записи _0
a Страна RU
b Организация Муниципальное бюджетное учреждение культуры "Централизованная библиотечная система" г. Сургут (Центральная городская библиотека им. А. С. Пушкина)
g Правила каталогизации PSBO
801 Источник записи _1
a Страна RU
b Организация Муниципальное бюджетное учреждение культуры "Централизованная библиотечная система" г. Сургут (Центральная городская библиотека им. А. С. Пушкина)
g Правила каталогизации PSBO
852 Данные о местонахождении __
j Шифр хранения ст84(2=411.2)6-4
i Авторский знак В 46
901 Тип документа __
t Тип документа x
a Ответственный КиК/Лукашук
903 Характеристики (МАРС) __
a Дата передачи 20110406
c Наименование библиотеки (МАРС) Муниципальное бюджетное учреждение культуры "Централизованная библиотечная система" г. Сургут (Центральная городская библиотека им. А. С. Пушкина)
969 Тип издания __
a Тип издания сборник
990 Данные о заказе (DOS) __
j Количество экземпляров (DOS) 1
t N записи в КСУ для И/У (DOS) 201105